LIBRARY & INFORMATION CENTRE, KCAET, TAVANUR

ONLINE PUBLIC ACCESS CATALOGUE (OPAC)

Engineering Thermodynamics (Record no. 14144)

MARC details
000 -LEADER
fixed length control field 00323nam a22001337a 4500
020 ## - INTERNATIONAL STANDARD BOOK NUMBER
ISBN 9780070260627
082 ## - DEWEY DECIMAL CLASSIFICATION NUMBER
Classification number 621.4021
Item number NAG/EN
100 ## - MAIN ENTRY--AUTHOR NAME
Personal name Nag, P K
245 ## - TITLE STATEMENT
Title Engineering Thermodynamics
250 ## - EDITION STATEMENT
Edition statement 4/5
260 ## - PUBLICATION, DISTRIBUTION, ETC. (IMPRINT)
Place of publication New Delhi
Name of publisher Tata McGraw Hill Education
Year of publication 2008, 2013
300 ## - PHYSICAL DESCRIPTION
Number of Pages 804,914
942 ## - ADDED ENTRY ELEMENTS (KOHA)
Koha item type Books
Holdings
Withdrawn status Lost status Damaged status Collection code Home library Current library Shelving location Date acquired Source of acquisition Cost, normal purchase price Full call number Accession Number Koha item type
        KAUAET KAUAET General Stacks 30/03/2013 Aman Book Stall, Calicut 0.00 621.4021 NAG/EN 24027 Books
        KAUAET KAUAET General Stacks 30/03/2013 Aman Book Stall, Calicut 0.00 621.4021 NAG/EN 24028 Books
        KAUAET KAUAET Scheme 25/08/2016 Cosmo Books, Calicut. 495.00 621.4021 NAG/EN BB 253 Book Bank scheme for SC students
free website counter